000 00342 a2200157 4500
001 157254
020 _a8511190074
040 _cEscola São Tomás de Aquino
100 _aLOBATO, Monteiro
240 1 0 _aFábulas
_lpor
245 1 0 _aFábulas
300 _a60 p.
362 0 _a2017
697 _a*LITERATURA INFANTO JUVENIL
942 _cBK
999 _c157254
_d157254